Statistics for Longest Capital Names - Europe

Click here to take the quiz!

General Stats

  • This quiz has been taken 124 times
  • The average score is 9 of 12

Answer Stats

LetteesCapital City% Correct
9Stockholm
89%
10Copenhagen
82%
9Amsterdam
79%
13Andorra la Vella
77%
9Bucharest
77%
10Luxembourg
77%
9Reykjavik
76%
10Bratislava
71%
9Ljubljana
62%
9San Marino
62%
11Vatican City
62%
9Podgorica
57%

Score Distribution

Percentile by Number Answered

Percent of People with Each Score

Your Score History

You have not taken this quiz